Assessing Progress in Africa toward the Millennium Development Goals : (Record no. 1008)

MARC details
000 -LEADER
fixed length control field 00493nam a22001457a 4500
005 - DATE AND TIME OF LATEST TRANSACTION
control field 20240214102849.0
008 - FIXED-LENGTH DATA ELEMENTS--GENERAL INFORMATION
fixed length control field 240214b |||||||| |||| 00| 0 eng d
040 ## - CATALOGING SOURCE
Original cataloging agency KMU
Transcribing agency KMU
Modifying agency KMU
Description conventions rda
110 ## - MAIN ENTRY--CORPORATE NAME
Corporate name or jurisdiction name as entry element UNECA
245 ## - TITLE STATEMENT
Title Assessing Progress in Africa toward the Millennium Development Goals :
Remainder of title Emerging perspectives from Africa on the post-2015 development agenda /
Statement of responsibility, etc. UNECA
260 ## - PUBLICATION, DISTRIBUTION, ETC.
Place of publication, distribution, etc. Addis Ababa :
Name of publisher, distributor, etc. UNECA
Date of publication, distribution, etc. 2012.
300 ## - PHYSICAL DESCRIPTION
Extent xix, 160 p. :
Other physical details ill. ;
Dimensions 23 cm.
710 ## - ADDED ENTRY--CORPORATE NAME
Corporate name or jurisdiction name as entry element UNECA
942 ## - ADDED ENTRY ELEMENTS (KOHA)
Koha item type Non-Fiction
Suppress in OPAC No
Holdings
Withdrawn status Lost status Damaged status Not for loan Collection Home library Current library Shelving location Date acquired Source of acquisition Total Checkouts Full call number Barcode Date last seen Price effective from Koha item type
        Non-fiction Kapasa Makasa University Kapasa Makasa University Special Collection 14.02.2024 CBU   UNECA(058)MDGR/2012C UNECA(058)MDGR/2012C 14.02.2024 14.02.2024 Non-Fiction